000 00474nam a2200181Ia 4500
005 20250326124815.0
008 250326s9999 xx 000 0 und d
037 _aTextbook
040 _aFMSL
_beng
_cFMSL
041 _aeng
_2eng
084 _aX:89T K9
_qFMSL
100 _aDeb A
_9212097
245 0 _aMaterials management
_cDeb A
260 _aCalcutta
_bCalcutta, Academic
_c1969
300 _a250p
942 _cTB
_hX:89T K9
999 _c1275300
_d1275300